Kultúrfilozófia

Elmentve itt :
Bibliográfiai részletek
Szerző: Brandenstein Béla
Adatforrás:Philobibl
Dokumentumtípus: Könyv
Nyelv:magyar
Megjelent: Bp. Medvei Dezső 1932
Sorozat:Bölcsészhallgatók könyvtára 8.
LEADER 00476nam a2200145 c 4500
001 bibDOK00006499
005 20200924120237.8
008 060518s1932 hu hun
100 1 |a Brandenstein Béla 
245 1 0 |a Kultúrfilozófia  |c Brandenstein Béla 
260 |a Bp.  |b Medvei Dezső  |c 1932 
300 |a 144 p. 
490 1 |a Bölcsészhallgatók könyvtára 8. 
500 |a Brandenstein Béla előadásai után jegyezte Varga Sándor Frigyes 
830 0 |a Bölcsészhallgatók könyvtára 8.